000 00304nam a22001337a 4500
008 171025b xxu||||| |||| 00| 0 eng d
020 _a0878722556
041 _aeng
080 _a311
100 _a55
101 _aSTA
245 _aELEMENTARY STATISTICS FOR BUSINESS
_cJOHNSON.R
942 _2udc
_cBK
999 _c35840
_d35840